Cargando...
Software reliability
| Autor Principal: | |
|---|---|
| Formato: | Printed Book |
| Idioma: | English |
| Publicado: |
London
Macmillan
1979
|
| Subjects: |
| LEADER | 00534nam a2200169 a 4500 | ||
|---|---|---|---|
| 005 | 20151026130852.0 | ||
| 008 | 960221s1955 dcuabcdjdbkoqu001 0deng d | ||
| 003 | ViArRB | ||
| 100 | |a Kopetz, K | ||
| 245 | |a Software reliability | ||
| 260 | |a London |b Macmillan |c 1979 | ||
| 300 | |a vii,118p. | ||
| 500 | |a | ||
| 653 | |a Computer science |a Computer programming |a Computer software | ||
| 942 | |c BK |6 _ | ||
| 999 | |c 15180 |d 15180 | ||
| 952 | |0 0 |1 0 |2 udc |4 0 |6 00441_KOP |7 0 |9 26697 |a UL |b UL |d 2010-06-16 |l 1 |o 004.41 KOP |p 00019507 |r 2015-07-21 |s 2015-07-16 |w 2010-06-16 |y BK | ||